| 000 | 00960nam a22002297a 4500 | ||
|---|---|---|---|
| 999 |
_c15575 _d15575 |
||
| 003 | AR-CdUCM | ||
| 008 | 190429b ||||| |||| 00| 0 spa d | ||
| 040 |
_aMUNICIPALIDAD PROVINCIAL DEL CUSCO _cBIBLIOTECA MUNICIPAL DEL CUSCO |
||
| 082 |
_aC / 050 / _bV87 |
||
| 110 |
_aÓrgano de la sociedad mutua de empleados del Cuzco _934646 |
||
| 245 |
_aLa voz del empleado : _bÓrgano de la sociedad mutua de empleados del Cuzco / |
||
| 260 |
_aCuzco : _bH.G. Rosas, _c1956. |
||
| 300 |
_a118 páginas ; _c24 cm. _bIlustraciones, Fotografías, |
||
| 440 |
_aAño I _nN° 1 _934694 |
||
| 505 | _aContenido : Editorial -- Sergio Quevedo : La vida y obra del profesor Antonio Lorena -- Carlos Nuñez Anavitarte : Algo acerca del problema de la vivienda en el Cuzco ... | ||
| 650 |
_aSociedad _953 |
||
| 650 |
_a Cusqueña _928622 |
||
| 650 |
_aSiglo XX _98 |
||
| 700 |
_aAlatrista, Victor Manuel (Director) _934695 |
||
| 942 |
_2ddc _cLIBROS |
||
| 945 |
_arah _d29/04/2019 |
||